Città italiane più grandi in ogni quadrato - Quiz con Mappa - Statistics

Statistiche generali
  • Questo quiz è stato fatto 153 volte
  • Il punteggio medio è 14 su 17
Risposte nella Mappa
Le risposte nella mappa del quiz sottostante sono codificate secondo una scala di colori dal rosso al verde in base alla % di persone che hanno risposto correttamente.
 
Statistiche sulle risposte
Popolazione (ab.) Città % Corretto
564 038 Genova
100%
390 608 Bologna
99%
146 642 Cagliari
98%
1 370 229 Milano
98%
626 217 Palermo
98%
2 748 165 Roma
98%
908 552 Napoli
97%
198 838 Trieste
95%
315 260 Bari
94%
185 974 Taranto
88%
126 038 Salerno
87%
255 338 Verona
87%
150 671 Rimini
81%
33 158 Nuoro
74%
79 773 Marsala
36%
20 825 Porto Torres
26%
19 239 Gioia Tauro
19%
Nessun quiz corrispondente trovato
Distribuzione punteggi
Percentuale di utenti per punteggio
Percentile per numero di risposta
I tuoi punteggi nel tempo
Non hai fatto questo quiz